The most beautiful women ever - Statistics

General Stats
  • This quiz has been taken 157 times
  • The average score is 6 of 50
Answer Stats
no. Answer % Correct
8. Angelina Jolie
52%
2. Marilyn Monroe
48%
12. Megan Fox
38%
11. Scarlett Johansson
38%
36. Beyonce
37%
6. Audrey Hepburn
33%
29. Elizabeth Taylor
32%
1. Jennifer Aniston
32%
30. Kim Kardashian
22%
10. Grace Kelly
21%
17. Kendall Jenner
21%
49. Jennifer Lopez
20%
44. Jessica Alba
18%
21. Sophia Loren
17%
27. Gisele Bündchen
16%
4. Madonna
16%
23 Salma Hayek
15%
47. Brigitte Bardot
14%
38. Cindy Crawford
14%
37. Halle Berry
13%
35. Penelope Cruz
13%
15. Shakira
13%
9. Sharon Stone
13%
20. Gigi Hadid
12%
7. Pamela Anderson
11%
40. Brooke Shields
9%
19. Heidi Klum
9%
42. Michelle Pfeiffer
7%
26. Cameron Diaz
6%
48. Mila Kunis
6%
16. Cleopatra
4%
39. Mariah Carey
3%
41. Aishwarya Rai
2%
45. Alicia Silverstone
2%
24. Carmen Electra
2%
3. Raquel Welch
2%
22. Cara Delevingne
1%
34. Farrah Fawcett
1%
18. Heather Locklear
1%
46. Addison Rae
0%
50. Anna Kournikova
0%
31. Ann-Margret
0%
5. Bettie Page
0%
43. Brooklyn Decker
0%
33. Charli D'Amelio
0%
14. Christie Brinkley
0%
25. Emily Ratajkowski
0%
32. Jayne Mansfield
0%
13. Jenny McCarthy
0%
28. Sommer Ray
0%
No matching quizzes found
Score Distribution
Percent of People with Each Score
Percentile by Number Answered
Your Score History
You have not taken this quiz